000 00366nam a2200169Ia 4500
001 14470
008 140402s9999 xx 000 0 und d
020 _a0-13-977166-2
040 _cPK-LaUMT
082 _a 613
_bLUC-Y
100 _aLuckmann, Joan
245 _aYour health
_cLuckmann, Joan
260 _c1990
300 _a584 p.
546 _aEN
942 _cBK
999 _c15061
_d15061